00251nam a2200097Ia 4500008004100000041000800041082000800049100001700057245004400074260003500118230511s1984 xx 000 0 und d aeng a342 aNasten John  aConstitutional and Administrative Law  aNew DelhibPitman Seriesc1984